| 000 | 00578nam a2200193Ka 4500 | ||
|---|---|---|---|
| 020 | _a0078602432 | ||
| 040 | _cUUW | ||
| 082 | _aOFF GLE 2004 C112 Or. | ||
| 100 | 1 | _aJohnson, Jack E | |
| 245 | 1 | 0 |
_aGlencoe keyboarding with computer applications : _blessons 1-150 / |
| 246 | 3 | 0 | _aKeyboarding with computer applications |
| 260 |
_aNew York, N.Y. : _bGlencoe/McGraw-Hill, _cc2004 |
||
| 300 |
_a1 v. (various pagings) : _bcol. ill. ; _c26 cm |
||
| 650 | 0 | _aKeyboarding | |
| 650 | 0 | _aWord processing | |
| 650 | 0 | _aTypewriting | |
| 710 | 2 | _aGlencoe/McGraw-Hill | |
| 942 | _cAEDBB | ||
| 999 |
_c21534 _d21534 |
||